Hampton court palace

Salvato in:
Dettagli Bibliografici
Autore principale: Chettle, G. H (Autore)
Natura: Libro
Lingua:inglese
Pubblicazione: Londres Her Majesty's Stationery office 1955
Soggetti:
Tags: Aggiungi Tag
Nessun Tag, puoi essere il primo ad aggiungerne!!

MARC

LEADER 00000nam a2200000 a 4500
001 UCZ4053
003 CL-VaPUC
008 951106e19550000UK |||||||||||||||||eng|d
082 0 4 |a 728.82  |b CHE  |2 21 
100 0 |a Chettle, G. H  |e author  |9 347930 
245 1 0 |a Hampton court palace 
300 |a 34 p 
942 |c BK 
945 |d 19951106 00:00:00  |a rbrito 
260 |a Londres  |b Her Majesty's Stationery office  |c 1955 
600 0 7 |a HAMPTON COURT  |2 CL-VaPUC  |9 347931 
650 0 |a Palacios   |9 326189 
650 0 |a Museos  |9 269209 
651 0 |a Inglaterra  |9 255158 
583 |a last modification  |c 19951106 00:00:00  |k Rodrigo Vera 
999 |c 240488  |d 240486 
952 |0 0  |1 0  |4 0  |6 728_820000000000000_CHE_1955  |7 0  |8 P  |9 252373  |a BIBARQ  |b BIBARQ  |d 2019-11-18  |i 3142469  |o 728.82 CHE 1955  |p 3142469  |r 2025-01-20  |w 2019-11-18  |y BK  |k ARQ